Catálogo

LA LINGšISTICH : (Registro nro. 9690)

Detalles MARC
000 -LEADER
fixed length control field 00481nam a2200169 a 4500
001 - CONTROL NUMBER
control field 9690
005 - DATE AND TIME OF LATEST TRANSACTION
control field 20180713193715.0
008 - FIXED-LENGTH DATA ELEMENTS--GENERAL INFORMATION
fixed length control field 140415s1983 000 0 spa d
041 ## - LANGUAGE CODE
Language code of text/sound track or separate title spa
082 ## - DEWEY DECIMAL CLASSIFICATION NUMBER
Classification number 410.9
Item number SER
100 1# - MAIN ENTRY--PERSONAL NAME
Personal name SERRANO, SEBASTIA
245 13 - TITLE STATEMENT
Title LA LINGšISTICH :
Remainder of title SU HISTORIA Y SU DESARROLLO
260 ## - PUBLICATION, DISTRIBUTION, ETC.
Place of publication, distribution, etc. [s.l.] :
Name of publisher, distributor, etc. MONTESINOS EDITOR,
Date of publication, distribution, etc. 1983
300 ## - PHYSICAL DESCRIPTION
Extent 161
490 ## - SERIES STATEMENT
Series statement BIBLIOTECA DE DIVULGACION TEMATICA
Volume/sequential designation 22
650 14 - SUBJECT ADDED ENTRY--TOPICAL TERM
Topical term or geographic name entry element LINGISTICA HISTORICA
Existencias
Withdrawn status Lost status Source of classification or shelving scheme Damaged status Not for loan Collection code Home library Current library Shelving location Date acquired Source of acquisition Inventory number Total Checkouts Full call number Barcode Date last seen Date last checked out Price effective from Koha item type
    Dewey Decimal Classification     General Biblioteca Karol Wojtyla Biblioteca Karol Wojtyla Sala general 03/12/2013 Compra 151000000000000000042355 1 410.9 SER 9303 05/01/2026 27/11/2018 03/12/2013 Libro
    Dewey Decimal Classification     General Biblioteca Karol Wojtyla Biblioteca Karol Wojtyla Sala general 03/12/2013 Compra 151000000000000000042356   410.9 SER 24116 05/01/2026   03/12/2013 Libro